|
|
|
|
| LEADER |
01627nam a2200457 a 4500 |
| 001 |
000580724 |
| 003 |
CZ BrMZK |
| 005 |
20090403124522.0 |
| 007 |
ta |
| 008 |
011206s2001 xr e acze d |
| 015 |
|
|
|a cnb001033360
|
| 020 |
|
|
|a 80-902827-1-7
|
| 035 |
|
|
|a (OCoLC)51191834
|
| 040 |
|
|
|a BOA001
|b cze
|
| 043 |
|
|
|a e-xr---
|b e-xr-pg
|2 czenas
|
| 045 |
|
|
|a x-y-
|
| 072 |
|
7 |
|a 792
|x Divadlo. Divadelní představení
|2 Konspekt
|9 3
|
| 072 |
|
7 |
|a 929
|x Biografie
|2 Konspekt
|9 8
|
| 080 |
|
|
|a 929
|2 MRF
|
| 080 |
|
|
|a 616-051
|2 MRF
|
| 080 |
|
|
|a 792.07
|2 MRF
|
| 080 |
|
|
|a 792.05-027.542
|2 MRF
|
| 080 |
|
|
|a (437.311)
|2 MRF
|
| 080 |
|
|
|a (0:82-94)
|2 MRF
|
| 100 |
1 |
|
|a Lacina, Oldřich,
|d 1924-2016
|7 jk01071356
|4 aut
|
| 245 |
1 |
0 |
|a Paměti lékaře Národního divadla v Praze :
|b (hlas byl mým osudem) /
|c Oldřich Lacina
|
| 250 |
|
|
|a 1. vyd.
|
| 260 |
|
|
|a Nové Strašecí :
|b České lupkové závody,
|c 2001
|
| 300 |
|
|
|a 301 s. ;
|c 21 cm
|
| 504 |
|
|
|a Obsahuje bibliografii
|
| 600 |
1 |
7 |
|a Lacina, Oldřich,
|d 1924-
|7 jk01071356
|2 czenas
|
| 648 |
|
7 |
|a 20.-21. století
|7 ch462155
|2 czenas
|
| 650 |
0 |
7 |
|a lékaři
|7 ph122495
|z Česko
|y 20.-21. stol.
|2 czenas
|
| 650 |
0 |
7 |
|a divadelní umělci
|7 ph119509
|z Česko
|y 20.-21. stol.
|2 czenas
|
| 650 |
0 |
7 |
|a národní divadla
|7 ph231088
|z Česko
|2 czenas
|
| 655 |
|
7 |
|a autobiografické vzpomínky
|7 fd131854
|2 czenas
|
| 610 |
2 |
7 |
|a Národní divadlo v Praze
|7 kn20010709463
|2 czenas
|
| 651 |
|
7 |
|a Praha (Česko)
|7 ge118011
|2 czenas
|
| 910 |
|
|
|a BOA001
|b 2-1093.479
|
| 990 |
|
|
|a BK
|
| 996 |
6 |
|
|b 2610149576
|c 2-1093.479
|l MZK
|r Sklad / do 1 hodiny
|n 4
|p p.v.
|w 000580724
|u 000010
|a 1
|e BOA001
|j MZK50
|s P
|